Statistics for Biggest Islands in Vanuatu on a Map

Click here to take the quiz!

General Stats

  • This quiz has been taken 78 times
  • The average score is 5 of 10

Answers on the Map

Answers color-coded by a green-red scale on the quiz's map according to % correct below.
 

Answer Stats

mi2Island% Correct
1,527Espiritu Santo
90%
347Efate
86%
344Erromango
66%
788Malakula
48%
210Tanna
45%
262Ambrym
41%
190Pentecost
41%
171Epi
34%
154Ambae
31%
132Gaua
31%

Score Distribution

Percentile by Number Answered

Percent of People with Each Score

Your Score History

You have not taken this quiz